000 00231nam a22000857a 4500
999 _c10963
_d10963
008 180702b ||||| |||| 00| 0 eng d
100 _aQuinn Jason
_96765
245 _aGandhi (My Life is My Message)
260 _aNew Delhi
_bCampfire
_c2016